Buffalo Bills: Most Passing TDs Each Year - Statistics

General Stats
  • This quiz has been taken 1,048 times
    184 since last reset
  • The average score is 36 of 69
Answer Stats
Year Player TDs % Correct
2018 Josh Allen 10
99%
2019 Josh Allen 20
99%
2020 Josh Allen 37
99%
2021 Josh Allen 36
99%
2022 Josh Allen 35
99%
2023 Josh Allen 29
99%
2024 Josh Allen 28
99%
1986 Jim Kelly 22
94%
1987 Jim Kelly 19
94%
1988 Jim Kelly 15
94%
1989 Jim Kelly 25
94%
1990 Jim Kelly 24
94%
1991 Jim Kelly 33
94%
1992 Jim Kelly 23
94%
1993 Jim Kelly 18
94%
1994 Jim Kelly 22
94%
1995 Jim Kelly 22
94%
1996 Jim Kelly 14
94%
2015 Tyrod Taylor 20
79%
2016 Tyrod Taylor 17
79%
2017 Tyrod Taylor 14
79%
2009 Ryan Fitzpatrick 9
75%
2010 Ryan Fitzpatrick 23
75%
2011 Ryan Fitzpatrick 24
75%
2012 Ryan Fitzpatrick 24
75%
2013 EJ Manuel 11
59%
2002 Drew Bledsoe 24
52%
2003 Drew Bledsoe 11
52%
2004 Drew Bledsoe 20
52%
1998 Doug Flutie 20
46%
1999 Doug Flutie 19
46%
1973 Joe Ferguson 4
42%
1974 Joe Ferguson 12
42%
1975 Joe Ferguson 25
42%
1976 Joe Ferguson 9
42%
1977 Joe Ferguson 12
42%
1978 Joe Ferguson 16
42%
1979 Joe Ferguson 14
42%
1980 Joe Ferguson 20
42%
1981 Joe Ferguson 24
42%
1982 Joe Ferguson 7
42%
1983 Joe Ferguson 26
42%
1984 Joe Ferguson 12
42%
2006 J.P. Losman 19
40%
2000 Rob Johnson 12
40%
1963 Jack Kemp 13
39%
1964 Jack Kemp 13
39%
1965 Jack Kemp 10
39%
1966 Jack Kemp 11
39%
1967 Jack Kemp 14
39%
1969 Jack Kemp 13
39%
2007 Trent Edwards 7
32%
2008 Trent Edwards 11
32%
2014 Kyle Orton 18
30%
1997 Todd Collins 12
14%
2001 Alex Van Pelt 12
13%
1960 Johnny Green 10
13%
1961 Johnny Green 6
13%
2005 Kelly Holcomb 10
11%
1985 Vince Ferragamo 5
10%
1970 Dennis Shaw 10
9%
1971 Dennis Shaw 11
9%
1972 Dennis Shaw 14
9%
1962 Warren Rabb 10
4%
1968 Kay Stephenson 4
2%
1946 Al Dekdebrun 8
1%
1947 George Ratterman 22
1%
1948 George Ratterman 16
1%
1949 George Ratterman 14
1%
No matching quizzes found
Score Distribution
Percent of People with Each Score
Percentile by Number Answered
Your Score History
You have not taken this quiz since the last reset